Aplikácia zahraničných poznatkov v marketingu Slovenska ako destinácie cestovného ruchu diplomová práca

Guardado en:
Detalles Bibliográficos
Autor principal: Hurčíková, Lenka
Autor Corporativo: Obchodná fakulta EU. Katedra služieb a cestovného ruchu - zrušené
Otros Autores: Plesník, Pavol, 1956-
Formato: Libro
Lenguaje:eslovaco
Publicado: Bratislava 2010
Etiquetas: Agregar Etiqueta
Sin Etiquetas, Sea el primero en etiquetar este registro!

MARC

LEADER 00000nam$a2200000$$$4500
001 0118521
005 20240318121839.0
041 0 |a slo 
044 |a SK 
245 1 0 |a Aplikácia zahraničných poznatkov v marketingu Slovenska ako destinácie cestovného ruchu  |b diplomová práca  |c Lenka Hurčíková ; škol. Pavol Plesník 
264 1 |a Bratislava  |c 2010 
300 |a 72 s. 
100 1 |a Hurčíková, Lenka 
700 1 |a Plesník, Pavol, 1956- 
710 2 |a Obchodná fakulta EU. Katedra služieb a cestovného ruchu - zrušené